[Event "VII Festival A"]
[Site "Amantea ITA"]
[Date "2009.09.04"]
[Round "5"]
[White "Calzetta Ruiz, Monica"]
[Black "Mrdja, Milan"]
[Result "1-0"]
[WhiteElo "2344"]
[BlackElo "2418"]
[PlyCount "89"]
[EventDate "2009.08.31"]

1. e4 g6 2. d4 d6 3. Nc3 a6 4. Be3 Nd7 5. Nf3 Bg7 6. Bc4 e6 7. Bb3 Ne7 8. Qd2
h6 9. Ne2 b6 10. Ng3 Bb7 11. O-O Nf6 12. Qd3 O-O 13. Rad1 a5 14. c4 a4 15. Bc2
d5 16. e5 Ne4 17. Rfe1 dxc4 18. Qxc4 Ba6 19. Qxa4 Nxg3 20. hxg3 Be2 21. Rxe2
Rxa4 22. Bxa4 Qa8 23. Bb3 Nd5 24. Rc1 Rc8 25. Bxd5 Qxd5 26. a3 Bf8 27. Rec2 c6
28. b4 g5 29. Nd2 b5 30. f3 Be7 31. Ne4 Kg7 32. Bf2 f5 33. Nc3 Qc4 34. Na4 Qb3
35. Nb6 Rc7 36. Rc3 Qa2 37. R1c2 Qb1+ 38. Rc1 Qa2 39. R1c2 Qb1+ 40. Kh2 Kf7 41.
d5 exd5 42. Rxc6 Rxc6 43. Rxc6 Qa2 44. e6+ Kg6 45. Nc8 1-0

[Event "VII Festival A"]
[Site "Amantea ITA"]
[Date "2009.09.04"]
[Round "5"]
[White "Collutiis, Duilio"]
[Black "Maiorov, Nikita"]
[Result "0-1"]
[WhiteElo "2449"]
[BlackElo "2513"]
[PlyCount "84"]
[EventDate "2009.08.31"]

1. Nf3 Nf6 2. g3 d5 3. Bg2 c6 4. O-O Bg4 5. d3 Nbd7 6. Nbd2 e5 7. e4 Bd6 8. h3
Bh5 9. exd5 cxd5 10. c4 d4 11. c5 Bc7 12. Nc4 O-O 13. b4 Re8 14. Re1 a5 15. b5
Bxf3 16. Bxf3 Nxc5 17. Ba3 Nfd7 18. b6 Bxb6 19. Nd6 Re6 20. Nxb7 Nxb7 21. Bxb7
Rb8 22. Bd5 Rf6 23. Rc1 Bc7 24. Qh5 g6 25. Qh6 Bd6 26. Bxd6 Rxd6 27. Bxf7+ Kxf7
28. Qxh7+ Kf6 29. f4 Qh8 30. fxe5+ Nxe5 31. Rf1+ Ke6 32. Qc7 Qd8 33. Qg7 Qg5
34. Rce1 Qxg3+ 35. Kh1 Qxh3+ 36. Kg1 Qg4+ 37. Kh2 Qh5+ 38. Kg1 Qg5+ 39. Kh1 Kd5
40. Re4 Rb2 41. Qg8+ Re6 42. Qa8+ Nc6 0-1

[Event "VII Festival A"]
[Site "Amantea ITA"]
[Date "2009.09.04"]
[Round "5"]
[White "Cordi', Domenico"]
[Black "Doleschal, Johannes"]
[Result "1-0"]
[WhiteElo "2060"]
[BlackElo "2014"]
[PlyCount "37"]
[EventDate "2009.08.31"]

1. d4 Nf6 2. c4 e6 3. Nf3 d5 4. Nc3 c6 5. e3 Nbd7 6. Bd2 Bd6 7. Bd3 dxc4 8.
Bxc4 O-O 9. O-O b5 10. Bd3 a6 11. Ne4 Nxe4 12. Bxe4 Bb7 13. Rc1 Rc8 14. Bc3 Nf6
15. Bb1 c5 16. dxc5 Bxc5 17. Ng5 Nd5 18. Bxh7+ Kh8 19. Qh5 1-0

[Event "VII Festival A"]
[Site "Amantea ITA"]
[Date "2009.09.04"]
[Round "5"]
[White "Damia, Angelo"]
[Black "Santagati, Alessandro"]
[Result "1-0"]
[WhiteElo "2291"]
[BlackElo "2147"]
[PlyCount "109"]
[EventDate "2009.08.31"]

1. e4 e6 2. d4 d5 3. Nc3 Bb4 4. exd5 exd5 5. Qf3 Qe7+ 6. Be3 Nf6 7. Bd3 Bg4 8.
Qg3 Bd6 9. Nxd5 Bxg3 10. Nxe7 Bxf2+ 11. Kxf2 Kxe7 12. Bg5 h6 13. Re1+ Be6 14.
Bh4 g5 15. Bg3 Kd7 16. Nf3 Nh5 17. c4 Nxg3 18. hxg3 f6 19. d5 Bg4 20. Nd4 Na6
21. Bf5+ Bxf5 22. Nxf5 Rae8 23. Rxe8 Rxe8 24. Rxh6 Nc5 25. Rh7+ Kd8 26. g4 Re4
27. d6 cxd6 28. Nxd6 Nd3+ 29. Kf3 Rf4+ 30. Kg3 Nxb2 31. Nxb7+ Kc8 32. Nd6+ Kd8
33. c5 Nc4 34. Rxa7 Rd4 35. Nxc4 Rxc4 36. Rf7 Rc3+ 37. Kh2 Rxc5 38. Rxf6 Ra5
39. Rf5 Rxa2 40. Rxg5 Ke7 41. Rf5 Ra4 42. Kh3 Ra3+ 43. Rf3 Ra2 44. g5 Ra4 45.
g3 Rb4 46. Rf4 Rb8 47. Kg4 Rg8 48. Kh5 Ra8 49. Kh6 Ra3 50. g4 Rh3+ 51. Kg7 Rh4
52. Re4+ Kd8 53. g6 Rh1 54. Kf7 Rf1+ 55. Ke6 1-0

[Event "VII Festival A"]
[Site "Amantea ITA"]
[Date "2009.09.04"]
[Round "5"]
[White "De Rosa, Mariagrazia"]
[Black "Colucci, Pasquale"]
[Result "1-0"]
[WhiteElo "2124"]
[BlackElo "1946"]
[PlyCount "119"]
[EventDate "2009.08.31"]

1. e4 c5 2. Nf3 d6 3. d4 cxd4 4. Nxd4 Nf6 5. Nc3 g6 6. Be3 Bg7 7. f3 O-O 8. Qd2
Nc6 9. Bc4 Bd7 10. O-O-O Rc8 11. Bb3 Ne5 12. g4 Nc4 13. Bxc4 Rxc4 14. h4 b5 15.
h5 Qa5 16. Kb1 b4 17. Nce2 Rfc8 18. Bh6 Bh8 19. hxg6 fxg6 20. Rc1 Qe5 21. Bf4
Qa5 22. Nb3 Qc7 23. Ng3 e5 24. Be3 Be6 25. g5 Ne8 26. Rh2 Kf8 27. Rch1 Bg8 28.
f4 exf4 29. Bxf4 Qg7 30. Bxd6+ Nxd6 31. Qxd6+ Ke8 32. e5 Qe7 33. Re1 Qxd6 34.
exd6+ Kd7 35. Rd2 Re8 36. Rxe8 Kxe8 37. Na5 Rd4 38. Rxd4 Bxd4 39. Nb3 Be5 40.
Ne4 Bxb3 41. axb3 Kd7 42. c4 Bxd6 43. Nxd6 Kxd6 44. Kc2 Kc5 45. Kd3 a5 46. Ke4
a4 47. bxa4 Kxc4 48. a5 Kb5 49. b3 Kxa5 50. Kd4 Kb5 51. Kd5 Kb6 52. Kc4 Kc6 53.
Kxb4 Kb6 54. Ka4 Ka6 55. b4 Kb6 56. b5 Kb7 57. Ka5 Ka7 58. b6+ Kb8 59. Ka6 Ka8
60. b7+ 1-0

[Event "VII Festival A"]
[Site "Amantea ITA"]
[Date "2009.09.04"]
[Round "5"]
[White "Efimov, Igor"]
[Black "Estremera Panos, Sergio"]
[Result "1/2-1/2"]
[WhiteElo "2433"]
[BlackElo "2394"]
[PlyCount "38"]
[EventDate "2009.08.31"]

1. e4 c5 2. Nf3 d6 3. d4 cxd4 4. Nxd4 Nf6 5. Nc3 Nc6 6. Bc4 e6 7. Bb3 Be7 8.
Be3 a6 9. O-O O-O 10. f4 Nxd4 11. Bxd4 b5 12. e5 dxe5 13. fxe5 Nd7 14. Ne4 Bb7
15. Qg4 Bxe4 16. Qxe4 Nc5 17. Qg4 h5 18. Qd1 Nxb3 19. axb3 Qd5 1/2-1/2

[Event "VII Festival A"]
[Site "Amantea ITA"]
[Date "2009.09.04"]
[Round "5"]
[White "Fabiano, Giuseppe"]
[Black "Caizzone, Vito"]
[Result "0-1"]
[WhiteElo "2245"]
[BlackElo "2062"]
[PlyCount "114"]
[EventDate "2009.08.31"]

1. e4 e5 2. Nf3 Nc6 3. Bb5 a6 4. Ba4 Nf6 5. O-O Be7 6. Re1 b5 7. Bb3 O-O 8. d3
d6 9. c3 Na5 10. Bc2 c5 11. Nbd2 Qc7 12. Nf1 Re8 13. Ng3 Nc6 14. Bb1 Bd7 15. a3
h6 16. h3 Bf8 17. d4 c4 18. Be3 Rad8 19. Qe2 g6 20. Bc2 Bg7 21. Rad1 Ne7 22.
Nh2 Rb8 23. Ng4 Kh7 24. dxe5 dxe5 25. Nxf6+ Bxf6 26. Qd2 Red8 27. Qd6 Qc6 28.
Nf1 Be6 29. Qxc6 Nxc6 30. Kh2 Na5 31. g3 Rxd1 32. Bxd1 Be7 33. f4 f6 34. Bg4 f5
35. Bf3 Bf6 36. exf5 Bxf5 37. fxe5 Bxe5 38. Ba7 Re8 39. Bd4 Bxg3+ 40. Nxg3 Rxe1
41. Nxf5 gxf5 42. Kg3 Nb3 43. Bf2 Rb1 44. Bb7 a5 45. Be3 Rxb2 46. Bc8 Ra2 47.
Bxf5+ Kg7 48. Bd7 Nd2 49. Kf4 Nb1 50. Bxb5 Rxa3 51. Bd4+ Kg6 52. Be8+ Kh7 53.
Kf5 Rxc3 54. Bg6+ Kg8 55. Ke6 Rd3 56. Bf7+ Kh7 57. Bb6 c3 0-1

[Event "VII Festival A"]
[Site "Amantea ITA"]
[Date "2009.09.04"]
[Round "5"]
[White "Gad, Ahmad"]
[Black "Oschetzki, Stefan"]
[Result "0-1"]
[WhiteElo "1956"]
[BlackElo "2178"]
[PlyCount "118"]
[EventDate "2009.08.31"]

1. e4 g6 2. d4 Bg7 3. Nc3 d6 4. Be3 Nd7 5. Nf3 e6 6. Bc4 a6 7. a4 b6 8. O-O h6
9. Ne1 Bb7 10. f4 Ne7 11. Bd3 f5 12. Nf3 Nf6 13. e5 Ne4 14. Ne2 O-O 15. Ng3 Qd7
16. Qe2 Kh7 17. Nd2 Nxd2 18. Qxd2 Nd5 19. Be2 Rfd8 20. Bf2 c5 21. exd6 Qxd6 22.
dxc5 bxc5 23. Rad1 Qxf4 24. Bxc5 Qxd2 25. Rxd2 Rac8 26. b4 Bc3 27. Rd3 Bxb4 28.
Bxb4 Nxb4 29. Rxd8 Rxd8 30. Rb1 a5 31. c3 f4 32. cxb4 fxg3 33. bxa5 gxh2+ 34.
Kxh2 Bd5 35. a6 Kg7 36. Rb7+ Kf6 37. Bf3 Bxf3 38. gxf3 Rd6 39. a7 Ra6 40. Kg3
Rxa4 41. Rh7 h5 42. f4 e5 43. fxe5+ Kxe5 44. Rg7 Kf5 45. Rf7+ Kg5 46. Rb7 Ra3+
47. Kg2 h4 48. Rb5+ Kg4 49. Rb4+ Kh5 50. Rb7 g5 51. Rc7 Ra2+ 52. Kf3 Ra3+ 53.
Kg2 Kg6 54. Rc6+ Kh5 55. Rc7 h3+ 56. Kh2 Kh4 57. Rb7 Ra2+ 58. Kh1 g4 59. Rc7
Ra1+ 0-1

[Event "VII Festival A"]
[Site "Amantea ITA"]
[Date "2009.09.04"]
[Round "5"]
[White "Gromovs, Sergejs"]
[Black "Delorme, Axel"]
[Result "1/2-1/2"]
[WhiteElo "2339"]
[BlackElo "2434"]
[PlyCount "88"]
[EventDate "2009.08.31"]

1. d4 e6 2. c4 Nf6 3. Nf3 Bb4+ 4. Nbd2 b6 5. a3 Bxd2+ 6. Bxd2 Bb7 7. g3 d6 8.
Bg2 Nbd7 9. O-O O-O 10. b4 Be4 11. Bc3 Qc8 12. Bh3 c6 13. Rc1 Qb7 14. Qd2 h6
15. Qf4 d5 16. Nd2 Bg6 17. f3 c5 18. Rfe1 Rfe8 19. Bb2 a5 20. b5 cxd4 21. Qxd4
Nc5 22. Qh4 Nfd7 23. g4 f6 24. Bg2 Rac8 25. f4 Ne4 26. Nxe4 Bxe4 27. Bxe4 dxe4
28. g5 hxg5 29. fxg5 e5 30. Rf1 Re6 31. Rf5 e3 32. Rcf1 Qc7 33. gxf6 Rxf6 34.
Rh5 Rxf1+ 35. Kxf1 Qxc4 36. Rh8+ Kf7 37. Qh5+ Ke7 38. Qg5+ Kf7 39. Qf5+ Ke7 40.
Rxc8 Qxc8 41. Qg5+ Kf7 42. Qxe3 Qc2 43. Qd3 Qxd3 44. exd3 Ke6 1/2-1/2

[Event "VII Festival A"]
[Site "Amantea ITA"]
[Date "2009.09.04"]
[Round "5"]
[White "Hajenius, Willem"]
[Black "Fox, Pierre"]
[Result "1-0"]
[WhiteElo "2025"]
[BlackElo "1796"]
[PlyCount "80"]
[EventDate "2009.08.31"]

1. d4 d5 2. c4 e6 3. Nc3 Bb4 4. Nf3 Nf6 5. Qa4+ Nc6 6. cxd5 Nxd5 7. Bd2 Nb6 8.
Qb5 O-O 9. e3 Bd7 10. Qh5 Qf6 11. Bd3 g6 12. Qh6 Qg7 13. Qxg7+ Kxg7 14. h4 e5
15. O-O-O Rae8 16. dxe5 Nxe5 17. Nxe5 Rxe5 18. a3 Be7 19. Ne4 Re6 20. Bc3+ Kg8
21. h5 Na4 22. hxg6 Nxc3 23. gxh7+ Kh8 24. Nxc3 Bc6 25. Rh3 Bg5 26. f4 Bh6 27.
g4 Rfe8 28. g5 Bg7 29. Re1 Bd4 30. Nd1 Ba4 31. e4 Rc6+ 32. Kd2 Rd8 33. Nc3
Bxc3+ 34. bxc3 Rcd6 35. e5 Rd5 36. Re4 Bd7 37. e6 Bxe6 38. Rxe6 fxe6 39. g6 Rf5
40. Ke3 Rc5 1-0

[Event "VII Festival A"]
[Site "Amantea ITA"]
[Date "2009.09.04"]
[Round "5"]
[White "Lalic, Bogdan"]
[Black "Duhayon, Yves"]
[Result "1-0"]
[WhiteElo "2517"]
[BlackElo "2256"]
[PlyCount "69"]
[EventDate "2009.08.31"]

1. c4 e6 2. Nc3 d5 3. d4 Bb4 4. e3 Nf6 5. a3 Bxc3+ 6. bxc3 O-O 7. cxd5 exd5 8.
Bd3 b6 9. Ne2 Ba6 10. Bxa6 Nxa6 11. Qd3 Qc8 12. O-O c5 13. f3 Re8 14. Ng3 Qb7
15. Bb2 Re6 16. Rae1 Rae8 17. Re2 c4 18. Qd2 Nb8 19. Rfe1 Nbd7 20. Qc2 h5 21.
Nh1 b5 22. Nf2 a5 23. e4 b4 24. axb4 axb4 25. cxb4 Qxb4 26. e5 Nb6 27. Nh3 Na4
28. Ba1 c3 29. Qd3 Nb2 30. Bxb2 cxb2 31. Rb1 Qc4 32. Qd1 Nd7 33. Rexb2 Rc6 34.
Nf4 Nxe5 35. Rb4 1-0

[Event "VII Festival A"]
[Site "Amantea ITA"]
[Date "2009.09.04"]
[Round "5"]
[White "Levin, Felix"]
[Black "Naumkin, Igor"]
[Result "1-0"]
[WhiteElo "2491"]
[BlackElo "2481"]
[PlyCount "53"]
[EventDate "2009.08.31"]

1. d4 Nf6 2. c4 e6 3. Nf3 b6 4. g3 Bb7 5. Bg2 Be7 6. O-O O-O 7. Nc3 d5 8. cxd5
exd5 9. Bf4 Na6 10. Rc1 c5 11. Ne5 Ne4 12. dxc5 Naxc5 13. Nxe4 dxe4 14. Qc2 a5
15. Rfd1 Qe8 16. Nc4 Qc6 17. Bd6 Bxd6 18. Rxd6 Qc7 19. Rxb6 Ba6 20. Bxe4 Nxe4
21. Qxe4 Bxc4 22. Rc6 Qb7 23. Qxc4 Qxb2 24. Rc2 Qb1+ 25. Kg2 g6 26. h4 h5 27.
Rxg6+ 1-0

[Event "VII Festival A"]
[Site "Amantea ITA"]
[Date "2009.09.04"]
[Round "5"]
[White "Nikolova, Adriana"]
[Black "Mullon, Jean-Baptiste"]
[Result "1/2-1/2"]
[WhiteElo "2316"]
[BlackElo "2357"]
[PlyCount "31"]
[EventDate "2009.08.31"]

1. e4 c5 2. Nf3 Nc6 3. d4 cxd4 4. Nxd4 Qb6 5. Nb3 Nf6 6. Bd3 e6 7. Qe2 d6 8.
O-O Be7 9. Nc3 a6 10. a4 O-O 11. a5 Qc7 12. Be3 d5 13. f4 dxe4 14. Bxe4 Nxe4
15. Nxe4 Nb4 16. g4 1/2-1/2

[Event "VII Festival A"]
[Site "Amantea ITA"]
[Date "2009.09.04"]
[Round "5"]
[White "Rotelli, Pietro"]
[Black "Del Noce, Roberto"]
[Result "1/2-1/2"]
[WhiteElo "1974"]
[BlackElo "1857"]
[PlyCount "58"]
[EventDate "2009.08.31"]

1. d4 Nf6 2. c4 e6 3. Nc3 b6 4. e4 Bb4 5. Bd3 Bb7 6. Qc2 c5 7. d5 d6 8. Nge2 e5
9. O-O Bxc3 10. Nxc3 h6 11. f4 exf4 12. Bxf4 Nh5 13. Qa4+ Ke7 14. h3 Nxf4 15.
Rxf4 Nd7 16. Raf1 Ne5 17. Qc2 f6 18. Ne2 Bc8 19. Ng3 Qe8 20. Be2 Qg6 21. Kh2
Bd7 22. Bh5 Qh7 23. b3 a6 24. Be2 Rhb8 25. Nf5+ Bxf5 26. Rxf5 b5 27. R1f2 bxc4
28. bxc4 Rb6 29. Qd2 Qh8 1/2-1/2

[Event "VII Festival A"]
[Site "Amantea ITA"]
[Date "2009.09.04"]
[Round "5"]
[White "Rotunno, Giuseppe"]
[Black "Licciulli, Fabio"]
[Result "0-1"]
[WhiteElo "1973"]
[BlackElo "1937"]
[PlyCount "94"]
[EventDate "2009.08.31"]

1. d4 Nf6 2. Nf3 e6 3. e3 Be7 4. Bd3 O-O 5. b3 b6 6. Bb2 Bb7 7. Nbd2 d6 8. O-O
Nbd7 9. c4 h6 10. e4 Re8 11. e5 Nh7 12. Ne4 d5 13. cxd5 Bxd5 14. Nc3 Bb7 15.
Be4 Bxe4 16. Nxe4 Ng5 17. Nfxg5 Bxg5 18. f4 Be7 19. f5 Bf8 20. f6 g6 21. h4 c5
22. h5 g5 23. Qd2 cxd4 24. Bxd4 Qb8 25. Rae1 Rd8 26. b4 a5 27. a3 axb4 28. axb4
b5 29. Qc3 Ra4 30. Rb1 Rc8 31. Qg3 Rc4 32. Rfd1 Raxb4 33. Rxb4 Rxb4 34. Nxg5
hxg5 35. Qxg5+ Kh7 36. Bc3 Qa7+ 37. Kh2 Bh6 38. Qxh6+ Kxh6 39. Bxb4 Nxe5 40.
Kh3 Qe3+ 41. g3 Qf3 42. Re1 Qxh5+ 43. Kg2 Qf3+ 44. Kh3 Nd3 45. Bd2+ Kg6 46. Rb1
Qf5+ 47. Kg2 Qf2+ 0-1

[Event "VII Festival A"]
[Site "Amantea ITA"]
[Date "2009.09.04"]
[Round "5"]
[White "Scerbo, Antonio"]
[Black "Arnetta, Maria Teresa"]
[Result "1/2-1/2"]
[WhiteElo "2086"]
[BlackElo "2031"]
[PlyCount "20"]
[EventDate "2009.08.31"]

1. d4 d5 2. Nf3 Nf6 3. c4 c6 4. Nc3 a6 5. e3 b5 6. b3 Bg4 7. Be2 Nbd7 8. O-O e6
9. Bb2 Bd6 10. Qc2 O-O 1/2-1/2

[Event "VII Festival A"]
[Site "Amantea ITA"]
[Date "2009.09.04"]
[Round "5"]
[White "Schacher, Gerd"]
[Black "Bentivegna, Francesco"]
[Result "1-0"]
[WhiteElo "2318"]
[BlackElo "2324"]
[PlyCount "81"]
[EventDate "2009.08.31"]

1. c4 e5 2. Nc3 Bb4 3. Nd5 Be7 4. d4 d6 5. e4 Nf6 6. Nxe7 Qxe7 7. f3 Nh5 8. Be3
f5 9. exf5 Nf6 10. Ne2 exd4 11. Qxd4 Bxf5 12. Ng3 Bg6 13. Bd3 Nc6 14. Bxg6+
hxg6 15. Qc3 O-O-O 16. O-O-O d5 17. Rhe1 Qf7 18. Bd4 dxc4 19. Ne4 Nxe4 20. Rxe4
Rxh2 21. Rd2 Rh5 22. Bxg7 Rxd2 23. Qxd2 b5 24. Bc3 Rd5 25. Qf4 Rf5 26. Qd2 Kb7
27. a3 Rd5 28. Qe1 Rd3 29. Re6 Qf4+ 30. Kb1 a5 31. Rf6 Qg5 32. Qe4 Rd1+ 33. Ka2
Qc5 34. Bxa5 Rd5 35. Bb4 Nxb4+ 36. axb4 Qa7+ 37. Kb1 Qg1+ 38. Ka2 Qa7+ 39. Kb1
Qg1+ 40. Ka2 c6 41. Qe7+ 1-0

[Event "VII Festival A"]
[Site "Amantea ITA"]
[Date "2009.09.04"]
[Round "5"]
[White "Schiappoli, Dario"]
[Black "Serratore, Vincenzo"]
[Result "1-0"]
[WhiteElo "1982"]
[BlackElo "1912"]
[PlyCount "65"]
[EventDate "2009.08.31"]

1. e4 e5 2. f4 Bc5 3. Nf3 d6 4. c3 Qe7 5. d4 exd4 6. cxd4 Qxe4+ 7. Kf2 Bxd4+ 8.
Nxd4 Nf6 9. Bb5+ Kf8 10. Re1 Qg6 11. Qe2 Nbd7 12. Nc3 Kg8 13. f5 Qg4 14. Qxg4
Nxg4+ 15. Kg1 c6 16. Nxc6 bxc6 17. Bxc6 Rb8 18. Re8+ Nf8 19. Bf4 Ne5 20. Bxe5
dxe5 21. Nd5 f6 22. Rxc8 Rxb2 23. Rd1 h5 24. Ne7+ Kh7 25. Ng6 Nxg6 26. fxg6+
Kxg6 27. Rxh8 Rxa2 28. Be8+ Kf5 29. Rxh5+ g5 30. h4 Kg4 31. hxg5 fxg5 32. Rh3
a5 33. Rf1 1-0

[Event "VII Festival A"]
[Site "Amantea ITA"]
[Date "2009.09.04"]
[Round "5"]
[White "Schrott, Ernst"]
[Black "Astanovskaya, Yulia"]
[Result "1-0"]
[WhiteElo "2059"]
[BlackElo "1910"]
[PlyCount "65"]
[EventDate "2009.08.31"]

1. e4 d5 2. exd5 Nf6 3. Nf3 Nxd5 4. d4 g6 5. c4 Nb6 6. Bf4 Bg7 7. Be5 f6 8. Bf4
Bg4 9. Be2 Nc6 10. d5 Bxf3 11. Bxf3 Ne5 12. Bxe5 fxe5 13. Nc3 O-O 14. c5 Nd7
15. c6 bxc6 16. dxc6 Nf6 17. Qb3+ Kh8 18. Rd1 Qc8 19. Ne4 Qf5 20. Qe3 Qe6 21.
a3 a5 22. O-O Rab8 23. Nc5 Qf5 24. b3 Rfd8 25. Nb7 Rxd1 26. Rxd1 e4 27. Be2 Qe6
28. Nxa5 Nd5 29. Qa7 Rf8 30. Bc4 Rd8 31. Qc5 e3 32. fxe3 Qg4 33. Rxd5 1-0

[Event "VII Festival A"]
[Site "Amantea ITA"]
[Date "2009.09.04"]
[Round "5"]
[White "Scotti, Umberto"]
[Black "Van Asseldonk, Paul"]
[Result "1-0"]
[WhiteElo "2176"]
[BlackElo "2107"]
[PlyCount "41"]
[EventDate "2009.08.31"]

1. d4 Nf6 2. Nf3 e6 3. Bf4 b6 4. e3 Bb7 5. Bd3 Nd5 6. Bg3 f5 7. c4 Bb4+ 8. Nbd2
Nf6 9. O-O O-O 10. Qc2 Na6 11. a3 Bxd2 12. Nxd2 Nh5 13. b4 Nxg3 14. hxg3 c5 15.
bxc5 bxc5 16. Rab1 Qc7 17. d5 Rab8 18. Nf3 Rbc8 19. e4 fxe4 20. Bxe4 exd5 21.
Rxb7 1-0

[Event "VII Festival A"]
[Site "Amantea ITA"]
[Date "2009.09.04"]
[Round "5"]
[White "Valguarnera, Girolamo"]
[Black "Marchadour, Emilie"]
[Result "0-1"]
[WhiteElo "2151"]
[BlackElo "2047"]
[PlyCount "74"]
[EventDate "2009.08.31"]

1. e4 c5 2. Nc3 Nc6 3. g3 g6 4. Bg2 Bg7 5. Nge2 e6 6. O-O Nge7 7. d3 O-O 8. Be3
d6 9. Qd2 Nd4 10. f4 f5 11. Rae1 Rb8 12. Nd1 Nxe2+ 13. Rxe2 b5 14. Kh1 Qc7 15.
h3 Bd7 16. Bf3 Rbd8 17. g4 d5 18. exf5 gxf5 19. g5 Ng6 20. Bg2 Nh4 21. Bf2 Nxg2
22. Kxg2 d4 23. Bg3 Rde8 24. Rfe1 Bc6+ 25. Kh2 Qd6 26. h4 Re7 27. Rf2 Qd5 28.
h5 e5 29. c4 bxc4 30. dxc4 Qxc4 31. h6 Bh8 32. fxe5 Qf7 33. g6 Qxg6 34. Rf4
Bxe5 35. Rxe5 Rxe5 36. Rh4 f4 37. Be1 Rxe1 0-1

[Event "VII Festival A"]
[Site "Amantea ITA"]
[Date "2009.09.04"]
[Round "5"]
[White "Voiska, Margarita"]
[Black "Abatino, Maurizio"]
[Result "1/2-1/2"]
[WhiteElo "2332"]
[BlackElo "2163"]
[PlyCount "26"]
[EventDate "2009.08.31"]

1. c4 Nf6 2. Nf3 e6 3. Nc3 Bb4 4. Qc2 b6 5. a3 Bxc3 6. Qxc3 Bb7 7. g3 d6 8. Bg2
Nbd7 9. O-O O-O 10. b4 Qe7 11. Bb2 Rfc8 12. d3 c5 13. e4 cxb4 1/2-1/2

[Event "VII Festival A"]
[Site "Amantea ITA"]
[Date "2009.09.05"]
[Round "6"]
[White "Arnetta, Maria Teresa"]
[Black "Fabiano, Giuseppe"]
[Result "1-0"]
[WhiteElo "2031"]
[BlackElo "2245"]
[PlyCount "53"]
[EventDate "2009.08.31"]

1. e4 d5 2. exd5 Nf6 3. d4 c6 4. dxc6 Nxc6 5. Nf3 Bg4 6. Be2 Qc7 7. h3 Bxf3 8.
Bxf3 O-O-O 9. c3 e5 10. O-O Bc5 11. b4 Bb6 12. Na3 exd4 13. Nc4 dxc3 14. Nxb6+
axb6 15. Qa4 Rd4 16. Bxc6 bxc6 17. Qa8+ Qb8 18. Qxc6+ Qc7 19. Qa8+ Qb8 20. Qa3
Nd5 21. Be3 Re4 22. Rac1 Qb7 23. Rfd1 Rhe8 24. Rd3 Kb8 25. b5 f5 26. Qd6+ Nc7
27. Rdxc3 1-0

[Event "VII Festival A"]
[Site "Amantea ITA"]
[Date "2009.09.05"]
[Round "6"]
[White "Astanovskaya, Yulia"]
[Black "Rotelli, Pietro"]
[Result "0-1"]
[WhiteElo "1910"]
[BlackElo "1974"]
[PlyCount "84"]
[EventDate "2009.08.31"]

1. e4 c6 2. c4 d5 3. exd5 cxd5 4. cxd5 Nf6 5. d4 Nxd5 6. h3 g6 7. Nf3 Bg7 8.
Nc3 O-O 9. Bc4 e6 10. O-O Nc6 11. Bxd5 exd5 12. Bg5 Qa5 13. Qd2 Re8 14. a3 Be6
15. b4 Qb6 16. Be3 Qd8 17. Rac1 Rc8 18. Bf4 a6 19. Na4 b6 20. Bg5 Qc7 21. Ne5
Qb7 22. Nf3 Na7 23. Nc3 b5 24. Ne2 Rc4 25. Ne5 Rxc1 26. Rxc1 f6 27. Nd3 fxg5
28. Nc5 Qe7 29. Nxa6 Bc8 30. Rc7 Qxe2 31. Qxe2 Rxe2 32. Rxa7 Bxa6 33. Rxa6 Bxd4
34. Ra5 Rxf2 35. Kh1 Rf1+ 36. Kh2 Be5+ 37. g3 Rf3 38. Rxb5 Rxa3 39. Rxd5 Bxg3+
40. Kg2 Bf4 41. b5 Rg3+ 42. Kf2 Rxh3 0-1

[Event "VII Festival A"]
[Site "Amantea ITA"]
[Date "2009.09.05"]
[Round "6"]
[White "Bentivegna, Francesco"]
[Black "De Rosa, Mariagrazia"]
[Result "1-0"]
[WhiteElo "2324"]
[BlackElo "2124"]
[PlyCount "33"]
[EventDate "2009.08.31"]

1. e4 c5 2. c3 d5 3. exd5 Qxd5 4. d4 Nf6 5. Nf3 Bg4 6. Nbd2 cxd4 7. Bc4 Qd6 8.
Qb3 Nc6 9. Bxf7+ Kd8 10. O-O e6 11. Re1 Kc7 12. Nc4 Qd7 13. Bf4+ Kc8 14. Nfe5
Qe7 15. Nxc6 Qxf7 16. Qb6 Qd7 17. Qxa7 1-0

[Event "VII Festival A"]
[Site "Amantea ITA"]
[Date "2009.09.05"]
[Round "6"]
[White "Caizzone, Vito"]
[Black "Damia, Angelo"]
[Result "1-0"]
[WhiteElo "2062"]
[BlackElo "2291"]
[PlyCount "129"]
[EventDate "2009.08.31"]

1. d4 d6 2. c4 e5 3. e4 exd4 4. Qxd4 Nc6 5. Qd1 Nf6 6. Nc3 Be7 7. f4 O-O 8. Nf3
Re8 9. Bd3 Nb4 10. Bb1 d5 11. e5 dxc4 12. exf6 Bxf6+ 13. Kf2 Nd3+ 14. Kg3 Bf5
15. Qa4 Bxc3 16. bxc3 Qd5 17. Bxd3 Bxd3 18. Bd2 Re6 19. Rhe1 Rg6+ 20. Kf2 Be4
21. Rad1 Ra6 22. Qb4 Rxa2 23. Qe7 f5 24. Nd4 Qd8 25. Qe6+ Kh8 26. Kg1 b5 27.
Re2 Qc8 28. Qe5 c6 29. Ne6 Qg8 30. Ng5 Re8 31. Qc7 Qd5 32. Nf7+ Kg8 33. Nd6 Rf8
34. Nxe4 fxe4 35. Qe5 Rd8 36. Kf2 Qxe5 37. fxe5 Kf7 38. Ke1 Ke6 39. Bf4 Rxe2+
40. Kxe2 Rxd1 41. Kxd1 a5 42. Kd2 b4 43. Be3 Kxe5 44. cxb4 axb4 45. Bc5 b3 46.
Ke3 Kf5 47. Bd4 g6 48. Bc3 c5 49. Bb2 h5 50. Bc3 h4 51. Bb2 h3 52. g3 Ke6 53.
Kxe4 Kd6 54. Bc3 Ke6 55. Be5 g5 56. g4 Ke7 57. Kf5 Kd7 58. Kxg5 Ke6 59. Kf4 Kd5
60. g5 c3 61. Bxc3 Kc4 62. Bf6 Kd3 63. g6 c4 64. g7 c3 65. g8=Q 1-0

[Event "VII Festival A"]
[Site "Amantea ITA"]
[Date "2009.09.05"]
[Round "6"]
[White "Calzetta Ruiz, Monica"]
[Black "Levin, Felix"]
[Result "1/2-1/2"]
[WhiteElo "2344"]
[BlackElo "2491"]
[PlyCount "40"]
[EventDate "2009.08.31"]

1. e4 d6 2. d4 Nf6 3. Nc3 e5 4. Nf3 Nbd7 5. Bc4 Be7 6. O-O O-O 7. Re1 a6 8. a4
b6 9. b3 c6 10. Bb2 Rb8 11. Bd3 Qc7 12. Ne2 b5 13. Ng3 g6 14. Qd2 c5 15. dxe5
Nxe5 16. Nxe5 dxe5 17. axb5 axb5 18. Nf5 gxf5 19. exf5 Rb6 20. Bxe5 Qd7 1/2-1/2

[Event "VII Festival A"]
[Site "Amantea ITA"]
[Date "2009.09.05"]
[Round "6"]
[White "Colucci, Pasquale"]
[Black "Schiappoli, Dario"]
[Result "0-1"]
[WhiteElo "1946"]
[BlackElo "1982"]
[PlyCount "56"]
[EventDate "2009.08.31"]

1. e4 c5 2. c3 d5 3. exd5 Qxd5 4. d4 e5 5. dxe5 Qxe5+ 6. Qe2 Nc6 7. Nf3 Qe6 8.
Na3 a6 9. Nc4 b5 10. Nb6 Rb8 11. Nxc8 Qxe2+ 12. Bxe2 Rxc8 13. O-O Be7 14. a4 c4
15. axb5 axb5 16. Bf4 Nf6 17. Ne5 Nxe5 18. Bxe5 O-O 19. Ra7 Bc5 20. Rc7 Rxc7
21. Bxc7 Nd5 22. Bg3 f5 23. Bf3 Nb6 24. Bc7 Na4 25. Bd5+ Kh8 26. Bc6 Nxb2 27.
Bxb5 Rc8 28. Re1 Bxf2+ 0-1

[Event "VII Festival A"]
[Site "Amantea ITA"]
[Date "2009.09.05"]
[Round "6"]
[White "Cordi', Domenico"]
[Black "Scotti, Umberto"]
[Result "0-1"]
[WhiteElo "2060"]
[BlackElo "2176"]
[PlyCount "111"]
[EventDate "2009.08.31"]

1. d4 e6 2. c4 f5 3. g3 Nf6 4. Bg2 d5 5. Nf3 c6 6. O-O Bd6 7. b3 Qe7 8. a4 a5
9. Ba3 b6 10. Ne5 Bb7 11. cxd5 cxd5 12. e3 O-O 13. Re1 Nc6 14. Bf1 Rac8 15.
Nxc6 Bxc6 16. Ba6 Rc7 17. Bxd6 Qxd6 18. Na3 g5 19. Qd3 f4 20. exf4 gxf4 21. Re5
Rg7 22. Nb5 Bxb5 23. Bxb5 Ng4 24. Re2 fxg3 25. fxg3 Nf6 26. Qe3 Ne4 27. Bd3 Ng5
28. Rf1 Nh3+ 29. Kg2 Nf4+ 30. Rxf4 Qxf4 31. Qxf4 Rxf4 32. Rxe6 Rxd4 33. Re8+
Kf7 34. Bb5 Rb4 35. Rb8 Ke6 36. Rxb6+ Ke5 37. Ra6 Rxb3 38. Rxa5 Rb2+ 39. Kf3
Rxh2 40. Bc4 Rd7 41. Rb5 Rc2 42. Bd3 Rc3 43. Ke3 Rg7 44. Kd2 Ra3 45. Bc4 Rd7
46. Bb3 Ke4 47. Kc3 Ra1 48. Bc2+ Ke5 49. a5 Rg1 50. a6 Rxg3+ 51. Kb4 h5 52. Bb3
h4 53. Ra5 Rgg7 54. Kc5 h3 55. Kc6 Rd6+ 56. Kc5 0-1